000 00896cam a22002891 4500
001 sa 68020142
003 DLC
005 20260227112722.0
008 940714s1963 pk 000 0 sndo
010 _asa 68020142
025 _aPL480:P-Si-50
035 _a(OCoLC)30766784
040 _aDLC
_cCU
_dCU
_dDLC
042 _apremarc
050 0 0 _aPK2788.9.A2
_bZ76
100 1 _aLeghari, Abdul Karim.
245 1 0 _aFirāʼidi ʻain Shāha ʻAbdullat̤īfu Bhiṭāʼī.
250 _a[1st ed.
260 _c1963]
300 _a55, 14 p.
_c18 cm.
500 _aCover title.
500 _aAdded back cover title: Freud and Shah Abdul Latif!?; blunder by Nain zindagi.
500 _aIn Sindhi; introduction in English.
600 2 0 _aʻAbd al-Laṭīf,
_cShah,
_dapproximately 1689-approximately 1752.
600 1 0 _aFreud, Sigmund,
_d1856-1939.
740 0 _aFreud and Shah Abdul Latif!?
999 _c89264
_d89264